Pensamiento que en grande ha propuesto el que subscribe como un particular, para la pronta convocatoria de las próximas Córtes, bajo el concepto de que se podrá aumentar ó disminuir el número de representantes de cada clase, conforme acuerde la Junta Soberana con el Supremo Congreso de Regencia emanado por Agustin de Iturbide

Detalles Bibliográficos
Autor principal: Iturbide, Agustín de, 1783-1824
Formato: Libro
Lenguaje:Spanish
Publicado: México : imprenta imperial de Don Alejandro Valdés, 1821.
Materias:
Colección:Banco de datos
Acervo:Fondo Bibliográfico Antiguo Víctor Manuel Castillo de la Universidad de Ciencias y Artes de Chiapas
Descripción Física:[2] h. pleg. ; f°
Tema general:Historia civil
Notas:Texto a renglón seguido. Incluye cabecera de título en grabado xilográfico. Incluye capitular en grabado xilográfico. Tipo de documento: pliego suelto, aunque está encuadernado con otros
LEADER 01089nam a22001810004500
035 |a 70 
041 0 |a spa 
100 1 |a Iturbide, Agustín de, 1783-1824 
245 1 0 |a Pensamiento que en grande ha propuesto el que subscribe como un particular, para la pronta convocatoria de las próximas Córtes, bajo el concepto de que se podrá aumentar ó disminuir el número de representantes de cada clase, conforme acuerde la Junta Soberana con el Supremo Congreso de Regencia emanado por Agustin de Iturbide  
260 |a México : imprenta imperial de Don Alejandro Valdés, 1821. 
300 |a [2] h. pleg. ; f° 
500 |a Texto a renglón seguido. Incluye cabecera de título en grabado xilográfico. Incluye capitular en grabado xilográfico. Tipo de documento: pliego suelto, aunque está encuadernado con otros 
501 |a 14 obras 
650 1 0 |a Historia civil 
949 |a UNICACH, Colección de Víctor Manuel Castillo: 00742-B 
942 |c CHIACASTI 
943 |g Fondo Bibliográfico Antiguo Víctor Manuel Castillo de la Universidad de Ciencias y Artes de Chiapas 
999 |c 1098366  |d 1098366